Principios generales de historia, economía y sociología / (Record no. 107516)

MARC details
000 -LEADER
campo de control de longitud fija 00789nam a2200229 4500
001 - NÚMERO DE CONTROL
campo de control 107516
003 - IDENTIFICADOR DE NÚMERO DE CONTROL
campo de control ES-MaACL
005 - FECHA Y HORA DE LA ÚLTIMA TRANSACCIÓN
campo de control 20250923160914.0
007 - CAMPO FIJO DE DESCRIPCIÓN FÍSICA--INFORMACIÓN GENERAL
campo de control de longitud fija t|
008 - DATOS DE LONGITUD FIJA--INFORMACIÓN GENERAL
campo de control de longitud fija 061121s1952 sp r ||||1| spa d
100 1# - ENTRADA PRINCIPAL--NOMBRE DE PERSONA
Nombre de persona Morazé, Charles.
9 (RLIN) 83176
245 10 - MENCIÓN DEL TÍTULO
Título Principios generales de historia, economía y sociología /
Mención de responsabilidad, etc. Charles Morazé: prólogo de J. Vicens Vives; [traducida del francés por Pablo y Alejando Sancho Riera].
260 ## - PUBLICACIÓN, DISTRIBUCIÓN, ETC.
Lugar de publicación, distribución, etc. Barcelona :
Nombre del editor, distribuidor, etc. Teide,
Fecha de publicación, distribución, etc. 1952.
300 ## - DESCRIPCIÓN FÍSICA
Extensión 215 p. ;
Dimensiones 19.
490 1# - MENCIÓN DE SERIE
Mención de serie Durán y Bas
700 1# - ENTRADA AGREGADA--NOMBRE PERSONAL
Nombre de persona Vicens Vives, Jaime,
Fechas asociadas al nombre 1910-1960
9 (RLIN) 114319
700 1# - ENTRADA AGREGADA--NOMBRE PERSONAL
Nombre de persona Sancho Riera, Pablo.
9 (RLIN) 103053
700 1# - ENTRADA AGREGADA--NOMBRE PERSONAL
Nombre de persona Sancho Riera, Alejandro.
9 (RLIN) 103052
830 0# - PUNTO DE ACCESO ADICIONAL DE SERIE-TÍTULO UNIFORME
Título uniforme Durán y Bas
9 (RLIN) 232433
852 ## - LOCALIZACIÓN
Ubicación ES-MaACL
Número de control de estantería D-6173
Sublocalización o colección R.31978
Holdings
Estatus retirado Estado de pérdida Estado de daño No para préstamo Biblioteca de origen Biblioteca actual Ubicación en estantería Fecha de adquisición Fuente de adquisición Total de préstamos Signatura topográfica completa Código de barras Visto por última vez Precio de reemplazo Tipo de ítem Koha
        Biblioteca del Ateneo de Madrid Biblioteca del Ateneo de Madrid Sala Valle Inclán 17/01/2008     D-6173 901112208 23/02/2023 23/02/2023 Libro impreso